<?xml version="1.0" encoding="UTF-8"?><?xml-stylesheet type="text/xsl" href="static/style.xsl"?><OAI-PMH xmlns="http://www.openarchives.org/OAI/2.0/" xmlns:xsi="http://www.w3.org/2001/XMLSchema-instance" xsi:schemaLocation="http://www.openarchives.org/OAI/2.0/ http://www.openarchives.org/OAI/2.0/OAI-PMH.xsd"><responseDate>2026-05-17T03:15:10Z</responseDate><request verb="GetRecord" identifier="oai:riubu.ubu.es:10259/11622" metadataPrefix="marc">https://riubu.ubu.es/oai/request</request><GetRecord><record><header><identifier>oai:riubu.ubu.es:10259/11622</identifier><datestamp>2026-05-15T00:05:28Z</datestamp><setSpec>com_10259_7942</setSpec><setSpec>com_10259_5086</setSpec><setSpec>com_10259_2604</setSpec><setSpec>col_10259_7943</setSpec></header><metadata><record xmlns="http://www.loc.gov/MARC21/slim" xmlns:doc="http://www.lyncode.com/xoai" xmlns:xsi="http://www.w3.org/2001/XMLSchema-instance" xmlns:dcterms="http://purl.org/dc/terms/" xsi:schemaLocation="http://www.loc.gov/MARC21/slim http://www.loc.gov/standards/marcxml/schema/MARC21slim.xsd">
<leader>00925njm 22002777a 4500</leader>
<datafield tag="042" ind1=" " ind2=" ">
<subfield code="a">dc</subfield>
</datafield>
<datafield tag="720" ind1=" " ind2=" ">
<subfield code="a">Zaparaín Yáñez, Mª José</subfield>
<subfield code="e">author</subfield>
</datafield>
<datafield tag="720" ind1=" " ind2=" ">
<subfield code="a">Hoyos Alonso, Julián</subfield>
<subfield code="e">author</subfield>
</datafield>
<datafield tag="260" ind1=" " ind2=" ">
<subfield code="c">2026</subfield>
</datafield>
<datafield tag="520" ind1=" " ind2=" ">
<subfield code="a">El estudio del núcleo y de su patrimonio ya ha sido objeto de atención en&#xd;
diversas investigaciones; pero siempre es oportuno volver a reflexionar sobre algunas cuestiones desde diversos puntos de vista que buscan satisfacer&#xd;
los interrogantes surgidos en la inquieta comunidad parroquial que lidera el&#xd;
proyecto en el cual se inserta este acercamiento histórico-artístico a la iglesia de La Asunción de Nuestra Señora. De esta forma, teniendo como punto de&#xd;
partida el complejo edificio que ha llegado a nuestros días, se ha pretendido&#xd;
analizarlo a la luz del contexto histórico vivido, con sus diferentes horizontes culturales. En este proceso, y teniendo en cuenta que la documentación,&#xd;
aunque necesaria y relevante, no siempre ha permitido esclarecer todas las&#xd;
preguntas que pueden y deben hacerse en la lectura del monumento, resulta&#xd;
imprescindible efectuar esta desde la comprensión de las dinámicas propias&#xd;
de cada momento.</subfield>
</datafield>
<datafield tag="024" ind2=" " ind1="8">
<subfield code="a">978-84-09-84334-3</subfield>
</datafield>
<datafield tag="024" ind2=" " ind1="8">
<subfield code="a">https://hdl.handle.net/10259/11622</subfield>
</datafield>
<datafield tag="245" ind1="0" ind2="0">
<subfield code="a">Vadocondes y la iglesia de La Asunción de Nuestra Señora</subfield>
</datafield>
</record></metadata></record></GetRecord></OAI-PMH>